00632nam a2200217Ia 450000500170000000800410001702000180005804000190007604100120009508200140010710000190012124500360014025000250017626000400020130000180024165000180025985000110027794200070028899900170029595201020031220240323145338.0131103s9999 xx 000 0 und d a81 7108 301 3 aLoreto College aEnglish a170 bKOI aKolkara, Felix aLive Your ValuescFelix Kolkara a student's workbook  aMumbaibBetter Yourself Booksc1999 a112p.b chart aMoral science aLCBED  cBK c31859d82338 00102ddc4070aMAINbMAINd2013-11-04l0o170 KOI 13186pB34716r2013-11-04w2013-11-04yBKf